Acuerdos de intenciones y gestin̤ de la incertidumbre en adquisiciones de empresa

Bibliographic Details
Main Author: Carreǫ Mendoza, Sergio
Format: eBook
Language:Spanish
Published: Bogot:̀ Universidad de Los Andes (Colombia), 2022
Subjects:
Online Access:Acceso restringido

MARC

LEADER 00000nam a22000007a 4500
005 20221012215938.0
007 cr|||| ||||
008 221012s2022 co |||||s|||| 00||0 spa d
020 |a 978-958-798-263-3 
035 |a 37396 
040 |a vLex 
090 |c 14021  |d 14021 
100 1 |a Carreǫ Mendoza, Sergio 
245 1 0 |a Acuerdos de intenciones y gestin̤ de la incertidumbre en adquisiciones de empresa  |h [Recurso electrn̤ico] /  |c Sergio Carreǫ Mendoza 
256 |a Servicio en ln̕ea 
260 |a Bogot:̀  |b Universidad de Los Andes (Colombia),  |c 2022 
300 |a 1 recurso electrn̤ico 
506 1 |a Disponible solo en los productos indicados  |d vLex Global  |d vLex Global (Academic Edition, excluding Law Schools)  |d vLex Global (U.S. Academic Edition, Law Schools)  |d vLex Global (U.S. Academic Edition, excluding Law Schools)  |d vLex Global (Academic Edition, Law Schools) 
650 0 4 |a Derecho Mercantil y de la Empresa  |z Colombia 
740 0 |a vLex Libros (Servicio en ln̕ea) 
856 4 0 |u https://app.vlex.com/#/sources/37396  |z Acceso restringido 
942 |c BOOK 
999 0 |a Commercial and Company Law